Score 0/37 Timer 10:00
0 Plays Today
% Correct
My Słowianie - We Are Slavic
91.9%
Children of the Universe
82.6%
Rise Up
82.3%
Not Alone
81.7%
Rise Like a Phoenix
79.9%
La Mia Città
78.7%
Calm After The Storm
77.8%
Undo
74.3%
Moj Svijet
73.7%
Maybe (Forse)
71.9%
Moustache
71.3%
Hunter Of Stars
69.5%
Cliche Love Song
68.3%
Quero Ser Tua
66.8%
No Prejudice
65.6%
Same Heart
63.5%
Is It Right?
63.2%
Dancing in the Rain
62.6%
Spet (Round and Round)
61.7%
% Correct
Cheesecake
61.4%
One Night's Anger
61.1%
Miracle
58.4%
Something Better
57.5%
Attention
56.9%
Cake To Bake
55.7%
To the Sky
55.4%
Running
54.5%
Start A Fire
53.9%
Tick - Tock
53.3%
Silent Storm
53.3%
Shine
50.9%
Coming Home
50.9%
Amazing
50.6%
Wild Soul
49.1%
Heartbeat
44.9%
Three Minutes to Earth
41.9%
Mother
40.1%
Remove Ads.
Support Sporcle.
Get the best of Sporcle when you Go Orange. This ad-free experience offers more features, more stats, and more fun while also helping to support Sporcle. Thank you for becoming a member.

You're not logged in!

Compare scores with friends on all Sporcle quizzes.
OR
Log In

Show Comments

Extras

Top Quizzes Today


Score Distribution

Your Account Isn't Verified!

In order to create a playlist on Sporcle, you need to verify the email address you used during registration. Go to your Sporcle Settings to finish the process.

Report this User

Report this user for behavior that violates our Community Guidelines.

Details: